000 00372nam a22001217a 4500
082 _a909.82
_bKEN
100 _aKennedy, Paul
245 _aThe Rise and Fall of the great powers:
_beconomic change and military conflict from 1500 to 2000 /
_cPaul Kennedy
260 _aLahore :
_bService Book Club,
_c1996.
300 _a893p. ;
_c20 cm.
563 _aHBK.
942 _2ddc
_cBK
999 _c589038
_d589038